000
00326nam a2200133Ia 4500
008
260604s9999 xx 000 0 und d
020
_a
9781914187568
082
_a
330 WIZ
100
_a
Robert wizards
_9
35694
245
0
_a
Agriculture Economics
260
_b
RANDOM PUBLISHING
500
_a
Economy, Agriculture
942
_c
BK
999
_c
8518
_d
8518